| 000 | 00771nam a2200241Ia 4500 | ||
|---|---|---|---|
| 003 | OSt | ||
| 005 | 20220923224704.0 | ||
| 006 | a|||||r|||| 00| 0 | ||
| 007 | ta | ||
| 008 | 220922b |||||||| |||| 00| 0 hin d | ||
| 024 | _a248,817 | ||
| 037 | _cTextual | ||
| 040 |
_aARTS _cARTS _bhin |
||
| 041 |
_2hin _ahin |
||
| 082 | _aO152,4N23x, M3 | ||
| 100 | _aगुप्त, कृष्ण चन्द्र, संपा. | ||
| 245 | 0 | _aसमर्पण | |
| 246 | _aSamarpaṇa | ||
| 260 |
_aमुफ्फरनगर _b वाणी _c1983 |
||
| 650 |
_aहिन्दी साहित्य _9156264 |
||
| 942 |
_hO152,4N23x, M3 _cTEXL _2CC |
||
| 999 |
_c372975 _d372975 |
||